লোডিং...

Statistical Methods in Biology,Medicine And Psychology

গ্রন্থ-পঞ্জীর বিবরন
প্রধান লেখক: Davenport, C, B, (Davenport, C, B)
অন্যান্য লেখক: Ekas, Merle, P, (Ekas, Merle, P)
বিন্যাস: Printed Book
ভাষা:English
প্রকাশিত: London: John Wiley & Sons, 1936.
বিষয়গুলি:
LEADER 00832nam a22001814a 4500
008 150121n ii |||gr||||Z||||||eng
082 |a 575.200 DAV 
100 |a Davenport, C, B,  |q (Davenport, C, B). 
245 |a Statistical Methods in Biology,Medicine And Psychology  |c Davenport, C, B  |h Textual Documents 
260 |a London:  |b John Wiley & Sons,  |c 1936. 
300 |a XII,216p.:  |e 00050. 
630 |a Statistical Methods. 
653 |a Analysis of Variance,Multimodel Curve,Measures of Variability,Standard Deviation,Heredity,Partial Sigma 
700 |a Ekas, Merle, P,  |q (Ekas, Merle, P). 
852 |t 1  |p STA00050  |b Text Books  |k 575.200 DAV  |f 00000  |c Shelf - 16 
942 |c BK 
999 |c 216611  |d 216611 
952 |0 0  |1 0  |4 0  |6 575_200000000000000_DAV  |7 0  |9 230690  |a STA  |b STA  |c Shelf - 16  |d 2019-12-11  |l 0  |o 575.200 DAV  |p STA00050  |r 2019-12-11  |t 1  |w 2019-12-11  |y BK